000 01370nam a2200337 i 4500
003 EG-GICUC
005 20260506145827.0
008 260124s1984 -uaakd|fr|||| 00| 0 ara d
017 _a1987/4883
020 _a02711834
040 _a EG-GICUC
_bara
_c EG-GICUC
_d EG-GICUC
_erda
041 0 _aara
082 0 4 _221
_a338.9
_bت ق
092 0 4 _221
099 _aLaw1 13 338.9 ت ق 1984
245 1 0 _aتقرير عن التنمية في العالم ، ١٩٨٤ /
_bانتعاش ام انتكاس في الاقتصاد الدولي ؟ التغير السكاني والتنمية ملحق بيانات السكان مؤشرات التنمية الدولية.
250 _aالطبعه الاولى
264 1 _aالقاهرة :
_bالبنك الدولي ،
_c1984.
300 _a326صفحة :
_bإيضاحيات، صور، مثيليات ؛
_c28 سم.
336 _2rda content
_atext
337 _2rda media
_aComputer
338 _2rda carrier
_aOnline Resource
500 _aإيضاحيات بعضها ملون
504 _a. 240-220 ببليوجرافيا: صفحات.
546 _aالنص باللغة الإنجليزية
650 1 4 _aالمالية العامة والتشريع الضريبي
_2qrmak
651 1 _2qrmak
856 4 0 _uhttps://fll.law.cu.edu.eg/fulltext/bks/B13-03785.pdf
905 _a48
942 _2ddc
_cBK
_e21
_n0
999 _c58896
_d58896